Pequeñas pantallas para la democracia /
שמור ב:
| מחברים אחרים: | , , |
|---|---|
| פורמט: | ספר |
| שפה: | Spanish |
| יצא לאור: |
Lima, Perú
Instituto para América Latina, IPAL
1992
|
| נושאים: | |
| תגים: |
הוספת תג
אין תגיות, היה/י הראשונ/ה לתייג את הרשומה!
|
MARC
| LEADER | 00000nam a22000007a 4500 | ||
|---|---|---|---|
| 003 | cru CIDCACS/IIS | ||
| 005 | 20180119164919.0 | ||
| 008 | 180119b1992 pe |||||||||||||| ||spa|| | ||
| 999 | |c 40854 |d 40854 | ||
| 040 | |c cru CIDCACS/IIS | ||
| 090 | |a 00.00.00 Gxxxp | ||
| 100 | 1 | |9 6452 |a Goicochea, Pedro |e Editor | |
| 245 | 1 | 0 | |a Pequeñas pantallas para la democracia / |c Editor Pedro Goicochea, investigación : Sylvie Ledoux, Marcela Tapia |
| 260 | |a Lima, Perú |b Instituto para América Latina, IPAL |c 1992 | ||
| 300 | |a 217 páginas | ||
| 500 | |a Colección Alforja | ||
| 650 | 1 | 0 | |9 910 |a GRABACIONES EN VIDEO |
| 650 | 1 | 0 | |9 1673 |a TELEVISION |
| 650 | 1 | 0 | |9 196 |a COMUNICACION |
| 650 | 1 | 0 | |9 292 |a CAPACITACION |
| 650 | 1 | 0 | |9 3717 |a MEDIOS AUDIOVISUALES |
| 650 | 4 | |9 1849 |a DEMOCRATIZACION | |
| 700 | 1 | |9 6453 |a Ledoux, Sylvie | |
| 700 | 1 | |9 6454 |a Tapia, Marcela | |
| 942 | |2 ddc |c LI | ||
